Countries with Green on their Flag - Sudden Death - Statistics

General Stats
  • This quiz has been taken 46 times
  • The average score is 10 of 15
Answers on the Grid
Answers color-coded by a green-red scale on the quiz's grid according to % correct below.
Brazil
Cuba
Libya
Madagascar
Qatar
Bulgaria
Guinea
Ukraine
North Korea
Panama
UAE
Cambodia
Burundi
Saudi Arabia
Somalia
Maldives
Iran
Jamaica
Azerbaijan
Tuvalu
Malta
Thailand
Kuwait
Egypt
Tajikistan
Iceland
Laos
India
Georgia
Philippines
 
Answer Stats
Answer % Correct
Brazil
95%
Saudi Arabia
89%
Jamaica
79%
Bulgaria
74%
India
74%
Azerbaijan
63%
Kuwait
63%
Madagascar
63%
Burundi
58%
Guinea
58%
Iran
58%
Libya
58%
Maldives
58%
Tajikistan
58%
UAE
58%
No matching quizzes found
Score Distribution
Percent of People with Each Score
Percentile by Number Answered
Your Score History
You have not taken this quiz